Quizzes
Events
Quiz Creation
Community
Videos
Private Events
Remove Ads
Sign In
Join for FREE
Feedback
Dark Mode
Quiz Categories
Sports
Geography
Music
Movies
Television
Just For Fun
Miscellaneous
History
Literature
Language
Science
Gaming
Entertainment
Religion
Holiday
For Kids
Quiz Lab
Recent
Popular Today
Quiz Kudos Today
Editor Picks
Curator Picks
Quizzes by...
Day
Popularity
Type
Ratings
Length
Year
Community
Subscriptions
Recent Discussions
Orange Saloon
Badges
Playlists
Quests
Create
Leaderboards
Showdown
Live 5
Trivia Bingo
Activity
Puzzle Library
Sporcle Events
Private Events
Virtual Trivia
Globe League
Become a Host
Pub Owners
SporcleCon
Opinionation
Our Games
Videos
Blog
Mobile Apps
Partnerships
Remove Ads and Go Orange
Feedback
Sports
Athletes
MLB
NBA
NHL
NFL
Soccer
Sports Teams
WWE
NCAA
Football
Premier League
Basketball
Baseball
Hockey
Golf
Tennis
Cricket
Rugby
Auto Racing
Olympics
World Cup
Sports
Athletes
MLB
NBA
NHL
NFL
Soccer
Sports Teams
WWE
NCAA
Football
Premier League
Basketball
Baseball
Hockey
Golf
Tennis
Cricket
Rugby
Auto Racing
Olympics
World Cup
Random Quiz
Search Sporcle
×
Quiz Lab
Quiz Lab
Sports
MLB
Type in answers that appear in a list
Type in answers that appear in a list
Classic
Best Score? Go Orange.
MLB 6+ RBI Games Of Last 3 Years Stats
Can you name the Players With 6+ RBI Games From 2009-11?
By
mlbdarinh
10m
99 Questions
292 Plays
292 Plays
292 Plays
Comments
Comments
Give Quiz Kudos
Give Quiz Kudos
-
- Ratings
hide this ad
More Info
Replay
Link that replays current quiz
Next Quiz
Link to next quiz in quiz playlist
You Got
0%
They Got
Avg Score
62%
Avg Friend Score
Upgrade to see
Score Distribution
Jump to the score distribution portion of the page
Score
0/99
Timer
10:00
0
Plays Today
Date
Player
% Correct
4/
23/
2011
Alex Rodriguez
96.2%
5/
31/
2010
Alex Rodriguez
96.2%
10/
4/
2009
Alex Rodriguez
96.2%
6/
21/
2009
Albert Pujols
94.9%
4/
11/
2009
Albert Pujols
94.9%
5/
19/
2010
Adrian Gonzalez
94.2%
7/
3/
2011
Carlos Gonzalez
93.8%
4/
29/
2011
Ryan Howard
93.8%
9/
23/
2010
Carlos Gonzalez
93.8%
9/
8/
2010
Ryan Howard
93.8%
5/
17/
2010
Ryan Howard
93.8%
8/
22/
2010
Robinson Cano
93.2%
6/
15/
2009
Prince Fielder
91.4%
5/
6/
2009
Ryan Braun
90.8%
7/
23/
2011
Justin Upton
89.7%
10/
2/
2009
B.J. Upton
89.7%
5/
20/
2009
Justin Upton
89.7%
8/
26/
2011
Nelson Cruz
89.4%
7/
22/
2011
Nelson Cruz
89.4%
7/
1/
2011
Nelson Cruz
89.4%
6/
4/
2011
Matt Kemp
89.4%
7/
20/
2010
Aramis Ramirez
89.4%
4/
15/
2009
Nelson Cruz
89.4%
8/
14/
2009
Derrek Lee
89%
7/
20/
2009
Justin Morneau
89%
7/
2/
2009
Derrek Lee
89%
9/
2/
2010
Chase Utley
88.7%
7/
26/
2010
Joe Mauer
87.3%
5/
21/
2009
Joe Mauer
87.3%
9/
15/
2010
Troy Tulowitzki
86.6%
8/
10/
2009
Troy Tulowitzki
86.6%
7/
20/
2009
Matt Holliday
86.6%
8/
13/
2011
Jorge Posada
84.6%
Date
Player
% Correct
5/
13/
2010
Ryan Zimmerman
84.2%
5/
12/
2011
Carlos Beltran
82.2%
9/
12/
2009
David Wright
82.2%
8/
6/
2011
Jacoby Ellsbury
81.2%
7/
10/
2011
Raul Ibanez
79.5%
8/
6/
2010
Adam Dunn
79.1%
5/
24/
2009
Adam Dunn
79.1%
4/
10/
2009
Miguel Cabrera
78.8%
7/
7/
2009
Paul Konerko
78.1%
5/
26/
2010
Adrian Beltre
76.4%
4/
13/
2009
Carlos Pena
73.6%
6/
10/
2011
Nick Markakis
73.3%
5/
23/
2011
Corey Hart
72.9%
5/
29/
2010
Corey Hart
72.9%
6/
2/
2011
Aubrey Huff
71.9%
8/
22/
2009
Kevin Youkilis
70.2%
7/
4/
2010
Torii Hunter
69.2%
8/
25/
2011
Russell Martin
68.5%
6/
26/
2009
Andre Ethier
66.4%
8/
12/
2009
Hunter Pence
64.7%
5/
19/
2011
Jason Giambi
64.4%
5/
5/
2009
Brandon Phillips
64.4%
7/
7/
2010
Buster Posey
63%
8/
31/
2009
Adam Lind
61.3%
8/
28/
2009
Kendrys Morales
61.3%
8/
2/
2009
Kendrys Morales
61.3%
4/
6/
2009
Adam Lind
61.3%
4/
28/
2011
Ben Zobrist
59.9%
10/
4/
2009
Jason Kubel
58.2%
7/
17/
2009
Jim Thome
58.2%
6/
4/
2009
Jason Kubel
58.2%
9/
17/
2010
Shin-Soo Choo
55.8%
7/
3/
2009
Shin-Soo Choo
55.8%
Date
Player
% Correct
8/
21/
2009
Hideki Matsui
54.8%
8/
1/
2009
Andrew McCutchen
53.1%
4/
29/
2010
David Freese
45.9%
6/
11/
2010
Gaby Sanchez
44.5%
8/
3/
2010
Angel Sanchez
44.2%
8/
25/
2010
Mike Napoli
42.1%
4/
14/
2010
Carlos Quentin
40.4%
9/
12/
2009
Casey McGehee
40.4%
4/
25/
2009
Mike Lowell
39.7%
4/
5/
2010
Placido Polanco
38.4%
8/
25/
2009
Josh Willingham
34.6%
7/
27/
2009
Josh Willingham
34.6%
8/
1/
2010
Adam LaRoche
33.2%
9/
28/
2009
Andy LaRoche
33.2%
6/
2/
2011
Colby Rasmus
31.2%
7/
7/
2009
Luke Scott
30.1%
5/
7/
2010
Starlin Castro
27.1%
9/
19/
2010
Jose Guillen
26.7%
5/
28/
2011
Chris Iannetta
26.4%
8/
20/
2010
Lyle Overbay
25.7%
5/
21/
2010
Mike Sweeney
25.7%
7/
9/
2010
Ian Stewart
24%
10/
1/
2010
Daric Barton
22.6%
9/
26/
2009
Denard Span
18.2%
6/
12/
2010
Jonny Gomes
17.5%
9/
23/
2010
Juan Uribe
16.8%
9/
6/
2010
Danny Espinosa
14%
9/
18/
2009
Miguel Olivo
11%
4/
18/
2009
Mark DeRosa
7.2%
4/
18/
2010
Alberto Callaspo
5.5%
10/
1/
2009
Chris Carpenter
5.1%
4/
18/
2009
Craig Monroe
1%
10/
2/
2009
Michael Aubrey
0.3%
Quiz Playlist
Details
Report
Send in Message
Add To Playlist
More Info:
Name the players with the 99 6+ RBI games of the last 3 regular seasons (2009-11).
Classic:
Type in answers that appear in a list
Quiz Source
Last Updated: Feb 16, 2017
Quiz Scoreboard
CHALLENGE
Sign Up to Join the Scoreboard
Show All
Scores
Hide
Comments
May contain spoilers
Recently Published
Presidents Visiting Landmarks
by Hejman
History
7m
An Introduction to Baseball
by treessimontrees
Sports
5m
Movies - When Are They Set?
by FPL_Elf
Movies
5m
More to Explore
Quiz From the Vault
Featured Blog Post
Where Did the Easter Bunny Come From?
hide this ad
You Might Also Like...
Tags
Baseball Quiz
MLB Quiz
2009
2011
date
last
Player
rbi
team
Today's Top Quizzes in Sports
Browse Sports
hide this ad
Today's Top Quizzes in MLB
Browse MLB
Top Contributed Quizzes in Sports
1
Les meilleurs buteurs des matchs entre le PSG et l’OM
2
2022 World Cup Stars
3
FIFA Club World Cup Champions
4
Les entraîneurs de l'OM et du PSG au 21e siècle
5
Name the Premier League winners with different clubs
6
La finale Lions - Afrique du Sud 2021
7
5-to-1: UK Sports Teams
8
England Test cricketers to play under Nasser Hussain
9
Players with Multiple 50 Home Run Seasons
10
AFC Teams Reveal (Wrong Answers Minefield)
Explore More
Trending Topics
Marvel
Disney
NBA
Harry Potter
Crossword
Anime
Kpop
Pokémon
Country
NFL
WWE
The Office
Song
Soccer
Puzzle
hide this ad
More By:
mlbdarinh
Quiz
Plays
Rating
Category
Featured
Created
MLB Starts by Batting Position (2000-2011)
41,093
4.44
Sports
May 16, 2011
Home Run King Minefield
25,224
3.76
Sports
Jun 11, 2011
100 Years of MLB HR, Avg, and RBI Leaders: 1911-2010
15,126
4.71
Sports
May 16, 2011
50 MLB Career HR Leaders by Rank Challenge
12,010
2.43
Sports
Dec 14, 2011
Top 100 HR Hitters of All Time Teammates BLITZ
10,906
4.55
Sports
Jul 14, 2011
Go to Creator's Profile
Score Distribution
Quiz Creator Spotlight
mlbdarinh
Follow
Send a Message
Quizzes Created
-
Created Quiz Play Count
-
More By This Creator
Popular Quizzes Today
1
Find the US States - No Outlines Minefield
2
Find the Countries of Europe - No Outlines Minefield
3
The Countries of the World
4
Find the US States
5
Popular People in 1961
6
US States
7
Risky Map Clicking: Biggest States A-Z
8
1-10 Letter E Words III
More Sports Quizzes
'A' Sports Images
Quiz Lab
Trending Quizzes
Risky Map Clicking: Least Populous States A-Z
1-10 Letter G Words
1-10 Letter F Words
One Thing in Common: United Kingdom
Risky Map Clicking: Next State Alphabetically
Recently Updated
Leaping Animals
pecheneg
Reality TV Shows (A-Z)
bhenderson79
Rickey Henderson's Hall of Fame Teammates
pecheneg
Champions League XIs: Arsenal
pecheneg
Quick Pick: Celebrities in WWE's Hall of Fame
aduchscher
A-Z Keypad Blitz II
pecheneg
Multiple Oscar Actors
pecheneg
Mystery Phrase Blitz: Oscar 'Best Actors'
pecheneg
F. Scott Fitzgerald Novels
LTH
Pick 3 Villains
ddd62291
Trending Topics
NBA
Crossword
Anime
Disney
Harry Potter
Marvel
Kpop
Puzzle
WWE
Soccer
Country
Pokémon
NFL
The Office
Song
Your Account Isn't Verified!
In order to create a playlist on Sporcle, you need to verify the email address you used during registration. Go to your
Sporcle Settings
to finish the process.
Report this User
Report this user for behavior that violates our
Community Guidelines
.
Details:
Send Report
Go to the Sporcle.com Mobile Site →
Comments